|
|
|
|
| LEADER |
00000cam a2200000 a 4500 |
| 001 |
vtls011634603 |
| 003 |
SK-MaSNL |
| 005 |
20260302020324.0 |
| 008 |
240313s2017 xo g 000 0 slo |
| 015 |
|
|
|a SNBA2017/07
|
| 020 |
|
|
|a 9788097268718
|q (brož.)
|
| 035 |
|
|
|a urn:nbn:sk:snk-am00cxl5
|
| 035 |
|
|
|a urn:nbn:sk:snk-am3hel7
|
| 035 |
|
|
|a 71DD551E-C09D-4FD4-BC23-1FE1C163E81B
|
| 040 |
|
|
|a SNK
|b slo
|c SNK
|e AACR2
|
| 041 |
0 |
|
|a slo
|
| 044 |
|
|
|a xo
|c SK
|
| 072 |
|
7 |
|a 37
|x Výchova a vzdelávanie
|2 konspekt
|
| 080 |
|
|
|a 37.015.311-053.2
|2 2011
|
| 080 |
|
|
|a 173.5:173.7
|2 2011
|
| 080 |
|
|
|a (0.062)
|2 2011
|
| 100 |
1 |
|
|a Mališová, Zuzana,
|d 1973-
|4 aut
|9 160768
|
| 245 |
1 |
0 |
|a O matkách a deťoch, alebo, Zrkadlá podrástli a mama dospela
|c Zuzana Mališová
|
| 246 |
3 |
|
|a Zrkadlá podrástli a mama dospela
|
| 260 |
|
|
|a [Liptovský Mikuláš]
|b Zuzana Mališová
|c [2017]
|
| 300 |
|
|
|a 130 s.
|c 21 cm
|
| 500 |
|
|
|a Miesto vyd. podľa ISBN
|
| 650 |
0 |
7 |
|a výchova dieťaťa
|2 SNKPH
|9 21780
|
| 650 |
0 |
7 |
|a rodičia a deti
|2 SNKPH
|9 63347
|
| 650 |
0 |
7 |
|a Child rearing
|2 SNKPHeng
|9 276230
|
| 650 |
0 |
7 |
|a Parents and children
|2 SNKPHeng
|9 312750
|
| 655 |
|
7 |
|a populárno-náučné publikácie
|2 SNKPH
|9 70460
|
| 655 |
|
7 |
|a Popular works
|2 SNKPHeng
|9 90287
|
| 852 |
|
|
|a Štátna vedecká knižnica v Banskej Bystrici
|
| 919 |
|
|
|a 978-80-972687-1-8
|
| 999 |
|
|
|c 1024666
|d 1026596
|
| 952 |
|
|
|a SNK
|b SNK
|y PREZ
|7 0
|p 17A1261149
|o snkSC 175169
|i snk2017/14815
|8 0
|0 0
|1 0
|4 0
|d 2017-06-23
|f 1
|l 0
|r 2025-09-16 00:00:00
|w 2026-02-24
|
| 952 |
|
|
|a SNK
|b SNK
|y VYP
|7 0
|p 17A1261150
|o snkSC 175169 D1
|i snk2017/14816
|8 0
|0 0
|1 0
|4 0
|d 2017-06-23
|l 0
|r 2026-02-24 13:35:22
|w 2026-02-24
|